000 00796cam a2200253 i 4500
999 _c23900
_d23900
001 879802
003 BDDh-ASL
005 20231015030313.0
008 800226s1978 ii b 100 0beng
010 _a 79902125
020 _cRs40.00 ($5.00 U.S.)
040 _aDLC
_cDLC
_dDLC
_dBDDh-ASL
043 _aa-ii---
050 0 0 _aDS435.7.M53
_bR34
082 0 0 _a950.07202
_bRAJ
245 0 0 _aRajendralala Mitra :
_b150th anniversary lectures /
260 _aCalcutta :
_bThe Asiatic Society,
_c1978.
300 _axiv, 98 p. :
_c23 cm.
504 _aIncludes bibliographical references.
600 1 0 _aMitra, Rājendralāla,
_cRaja,
_d1824-1891
_xCongresses.
650 0 _aIndologists
_zIndia
_xBiography
_xCongresses.
906 _a7
_bcbc
_corignew
_d4
_encip
_f19
_gy-gencatlg
942 _2ddc
_cBK